| 000 | 00697nam a2200217Ia 4500 | ||
|---|---|---|---|
| 003 | OSt | ||
| 005 | 20240928093916.0 | ||
| 008 | 220927b |||||||| |||| 00| 0 eng d | ||
| 020 | _a9780415331791 | ||
| 037 | _b295, 07/03/2011, Pioneer Book Distributors | ||
| 040 |
_aSDCL _cSDCL _beng |
||
| 041 |
_2eng _aeng |
||
| 082 | _aR Q1 | ||
| 100 |
_aFischer, Eugen _9435452 |
||
| 245 | 0 |
_aPhilosophical delusion and its therapy: _b Outline of a philosophical revolution/ |
|
| 260 |
_aNew York: _b Routledge, _c2011. |
||
| 300 | _axviii,300p. | ||
| 650 | _aEnglish | ||
| 942 |
_hR Q1 _cTEXL _2CC |
||
| 999 |
_c783116 _d783116 |
||